LEADER 00915nam2-22003131i-450- 001 990003963810403321 005 20040914075412.0 010 $a0-262-19205--5 035 $a000396381 035 $aFED01000396381 035 $a(Aleph)000396381FED01 035 $a000396381 100 $a20030910d1982----km-y0itay50------ba 101 0 $aeng 102 $aUS 200 1 $aEconomic analysis and public policy$fHerbert A. Simon 210 $aCambridge [Mass.]$cThe MIT Press$dc1982 215 $aXXIII, 478 p.$d23 cm 461 1$1001000313418$12001$aModels of bounded rationality$v1 610 0 $aDecisioni 610 0 $aScelta sociale 700 1$aSimon,$bHerbert Alexander$f<1916-2001>$066232 801 0$aIT$bUNINA$gRICA$2UNIMARC 901 $aBK 912 $a990003963810403321 952 $aC/2 SIM/1$b1345$fSES 959 $aSES 996 $aEconomic analysis and public policy$9512764 997 $aUNINA LEADER 01084nam--2200373---450 001 990001273650203316 005 20201105191222.0 035 $a000127365 035 $aUSA01000127365 035 $a(ALEPH)000127365USA01 035 $a000127365 100 $a20031121d1966----km-y0itay0103----ba 101 0 $aita 102 $aIT 105 $a||||||||001yy 200 1 $aMafia e droga$fMichele Pantaleone 210 $aTorino$cEinaudi$d1966 215 $a173 p.$d22 cm. 410 0$12001 454 1$12001 461 1$1001-------$12001 700 1$aPANTALEONE,$bMichele$0123847 801 0$aIT$bsalbc$gISBD 912 $a990001273650203316 951 $aII.5. 5117(Varie coll.2-394)$b22154 L.M.$cII.5.$d450785 959 $aBK 979 $aSIAV3$b10$c20031121$lUSA01$h1633 979 $aPATRY$b90$c20040406$lUSA01$h1731 979 $aCOPAT3$b90$c20041203$lUSA01$h1003 979 $aCOPAT6$b90$c20060613$lUSA01$h1504 979 $aCOPAT1$b90$c20070607$lUSA01$h1138 979 $aCOPAT1$b90$c20070607$lUSA01$h1142 996 $aMafia e droga$9689404 997 $aUNISA